Modeling Allocation of Hives
Identifikácia alternatívnych druhov včiel, ktoré sú schopné nahradiť alebo aspoň doplniť klesajúci počet včiel medonosných. Výskum zameraný na optimálne umiestnenie pomôcok pre uhniezdenie včiel v sadoch s využitím modelov matematického programovania. Optimalizácia riadenia včiel.
Saved in:
| Main Author: | |
|---|---|
| Other Authors: | , |
| Format: | Book Chapter |
| Language: | English |
| Subjects: | |
| Tags: |
No Tags, Be the first to tag this record!
|
MARC
| LEADER | 00000naa$a2200000$$$4500 | ||
|---|---|---|---|
| 001 | 0256713 | ||
| 005 | 20240502083729.6 | ||
| 041 | 0 | |a eng | |
| 044 | |a RS | ||
| 245 | 1 | 0 | |a Modeling Allocation of Hives |c Juraj Pekár, Marian Reiff, Ivan Brezina |
| 520 | |a Identifikácia alternatívnych druhov včiel, ktoré sú schopné nahradiť alebo aspoň doplniť klesajúci počet včiel medonosných. Výskum zameraný na optimálne umiestnenie pomôcok pre uhniezdenie včiel v sadoch s využitím modelov matematického programovania. Optimalizácia riadenia včiel. | ||
| 610 | 2 | 0 | |a včelárstvo |
| 610 | 2 | 0 | |a plodiny poľné |
| 610 | 2 | 0 | |a modelovanie matematické |
| 610 | 2 | 0 | |a alokácia |
| 100 | 1 | |a Pekár, Juraj, 1972- | |
| 700 | 1 | |a Reiff, Marian, 1978- | |
| 700 | 1 | |a Brezina, Ivan, 1963- | |